ბათუმის შოთა რუსთაველის სახელმწიფო უნივერსიტეტის ბიბლიოთეკა

Международные экономические отношения (ბიბ.ჩანაწერი № 37027)

000 -LEADER
fixed length control field 00742nam a2200229Ia 4500
001 - CONTROL NUMBER
control field 2981
003 - CONTROL NUMBER IDENTIFIER
control field GE_BSU
008 - FIXED-LENGTH DATA ELEMENTS--GENERAL INFORMATION
fixed length control field 181216s||||||||xx |||||||||||||| ||und||
020 ## - INTERNATIONAL STANDARD BOOK NUMBER
International Standard Book Number 5870571154
040 ## - CATALOGING SOURCE
Transcribing agency GE_BSU
080 ## - UNIVERSAL DECIMAL CLASSIFICATION NUMBER
Universal Decimal Classification number 339.9(075.8)
245 ## - TITLE STATEMENT
Title Международные экономические отношения
245 ## - TITLE STATEMENT
Remainder of title Учебник
245 ## - TITLE STATEMENT
Statement of responsibility, etc. Под общ. ред. В.Е.Рыбалкина. - 2-е изд., перераб. и доп.
260 ## - PUBLICATION, DISTRIBUTION, ETC.
Place of publication, distribution, etc. Москва
260 ## - PUBLICATION, DISTRIBUTION, ETC.
Name of publisher, distributor, etc. ЗАО «БИЗНЕС-ШКОЛА «ИНТЕЛ-СИНТЕЗ»
260 ## - PUBLICATION, DISTRIBUTION, ETC.
Date of publication, distribution, etc. 1998
300 ## - PHYSICAL DESCRIPTION
Extent 368 с. 20 см.
653 ## - INDEX TERM--UNCONTROLLED
Uncontrolled term Международные экономические отношения
942 ## - ADDED ENTRY ELEMENTS (KOHA)
Koha item type წიგნი
ეგზემპლარები
Withdrawn status Lost status Damaged status Not for loan Date acquired Barcode Date last seen Price effective from Koha item type Public note
        2018-12-17 7906 2018-12-17 2018-12-17 წიგნი დარბაზი
        2018-12-17 7907 2018-12-17 2018-12-17 წიგნი დარბაზი
        2018-12-17 8180 2018-12-17 2018-12-17 წიგნი დარბაზი
        2018-12-17 8181 2018-12-17 2018-12-17 წიგნი დარბაზი